Справочник за овощаря (Запис номер 57595)
[ съкратено ]
| 000 -Лидер | |
|---|---|
| Контролно поле с фиксирана дължина | 01215nam a2200325 c 4500 |
| 003 - Код на организацията, давaща контролен номер | |
| Контролно поле | BLK |
| 005 - Дата и час на последна редакция | |
| Контролно поле | 20181207105723.0 |
| 008 - Елементи от данни с фиксирана дължина | |
| fixed length control field | 180408b bul|||||r ||||||| ||bul|| |
| 010 ## - Наследен системен номер | |
| LC control number | KNG00061601000 |
| 040 ## - Източник на каталожния запис | |
| Идентификатор на билиотеката - собственик на записа | BLK |
| 041 ## - Код за език | |
| Код за езика на текст/звукозапис или на отделно заглавие | Български |
| Код за езика КДБФ | Български |
| 080 ## - УДК | |
| Текстов определител УДК | Овощарство в цялост |
| УДК код - определител по УДК | 634.1 |
| УДК определител | (035) |
| УДК - код + определител | 634.1(035) |
| 139 ## - Редно поле | |
| Редна дума | Справочник на овощаря |
| Авторски знак | Спр - С 59 |
| 245 10 - Сведения за заглавието | |
| Заглавие | Справочник за овощаря |
| Редно поле (дума) | Боян Миланов Виденов и др. |
| 257 ## - Страна на издаване | |
| Страна на създаване/издаване | България |
| 260 ## - Област на издателските данни | |
| Име на издателя, разпространителя и проч. | Земиздат |
| Година на издаване | 1988 |
| 300 ## - Физическа характеристика | |
| Страници | 200 с. |
| Илюстрации и др. | с ил. |
| Размери/Мащаб | 20 см |
| 380 ## - Жанр | |
| Жанр | Селско стопанство |
| 490 1# - СЕРИИ (Колекции) | |
| Име на серия | Поредица Съвети за личното стопанство |
| 500 ## - Общи забележки | |
| Забележка | Други авт. : В. Хр. Тодоров, Н. К. Максимов, Кр. В. Лазаров. - 43 100 тир. |
| 650 #4 - Допълнително описание по предмет – тема | |
| Основно описание – тема или топоним | Овощни култури - справочници |
| 9 (RLIN) | 271927 |
| 653 ## - Ключова дума – ненормативна | |
| Ключова дума | овощарство |
| 653 ## - Ключова дума – ненормативна | |
| Ключова дума | справочници |
| 700 ## - Други автори (авторска отговорност) | |
| 9 (RLIN) | 255022 |
| Лично име | Виденов, Боян Миланов |
| Автороска отговорност (Описва отношението между автора и произведението) | първи автор |
| 852 ## - Местоположение | |
| Форматна сигнатура | Цб 152585 |
| 856 4# - Електронен адрес и достъп | |
| Електронен формат | pdf - файл |
| 856 4# - Електронен адрес и достъп | |
| Електронен формат | pdf - файл |
| 999 ## - СИСТЕМНИ КОНТРОЛНИ НОМЕРА | |
| Koha biblionumber | 57595 |
| Koha biblioitemnumber | 57595 |
| 942 ## - АРТИКУЛИ | |
| Вид на библиотечния материал | Книги |
| Скрит в OPAC | Не |
| 944 ## - СЪЗДАВАНЕ И РЕДАКЦИЯ на ЗАПИСА | |
| Създаване/Редакция | Създаване |
| Дата на регистрацията/редакция | 13.06.2004 |
| Служител, извършил регистрацията/редакцията | Людмила_Стоянова |
| 944 ## - СЪЗДАВАНЕ И РЕДАКЦИЯ на ЗАПИСА | |
| Създаване/Редакция | Редакция |
| Дата на регистрацията/редакция | 08.03.2006 |
| 999 ## - СИСТЕМНИ КОНТРОЛНИ НОМЕРА | |
| Koha biblioitemnumber | 57595 |
| Код за отписване | Код за изгубен артикул | Източник на класификационната схема | Код за повреда | Коз за рестрикции | Код за отдаване | Артикулен № | Име на библиотеката - собственик | Име на библиотеката, в която се намира в момента | Статус (Текущо местоположение) | Дата на вписване в системата | Местоположение - отдел | Цена в лева | Инвентарен номер | Систематично азбучна сигнатура | Баркод | Номер на екземпляра | Цена в евро | Служебна бележка | Служебен тип на артикула |
|---|---|---|---|---|---|---|---|---|---|---|---|---|---|---|---|---|---|---|---|
| Не е изгубен | Universal Decimal Classification | Не е повреден | без рестрикции | ползва се в читалня | 93634 | Регионална библиотека "Любен Каравелов" Русе | Регионална библиотека "Любен Каравелов" Русе | Читалня | 1993-01-01 | Читалня | 2.00 | 501754 | Ч 634.1/С 59 | 120000501754 | 1 | 1.02 | Дост: Pk Вид: Д N: стар фонд Дата: 01.01.1988 Дата инв: 20.03.2017 Бележки инв: Ч2017 | Книги | |
| Изтеглен | Не е изгубен | Не е повреден | без рестрикции | заемане за дома | 93635 | Регионална библиотека "Любен Каравелов" Русе | Регионална библиотека "Любен Каравелов" Русе | Заемна - подръчен фонд | 2006-03-02 | Заемна - подръчен фонд | 3.50 | 120000700513 | П 634.1/С 59 | 120000700513 | 2 | 1.79 | Дост: Ak Вид: Г N: 6 Дата: 01.03.2006 Дата инв: 06.02.2018 Бележки инв: П2018 | Книги | |
| Не е изгубен | Universal Decimal Classification | Не е повреден | без рестрикции | ползва се в читалня | 93636 | Регионална библиотека "Любен Каравелов" Русе | Регионална библиотека "Любен Каравелов" Русе | Хранилище | 1988-01-01 | Хранилище | 2.00 | 494798 | Цб 152585 | 120000494798 | 3 | 1.02 | Дост: Dp Вид: Д N: стар фонд Дата: 01.01.1988 | Книги | |
| Изтеглен | Не е изгубен | Universal Decimal Classification | Не е повреден | без рестрикции | заемане за дома | 93637 | Регионална библиотека "Любен Каравелов" Русе | Регионална библиотека "Любен Каравелов" Русе | Заемна - подръчен фонд | 1988-01-01 | Заемна - подръчен фонд | 2.00 | 501749 | П 634.1/С 59 | 501749 | 4 | 1.02 | Дост: Pk Вид: Ф N: стар фонд Дата: 01.01.1988 | Книги |
| Изтеглен | Не е изгубен | Universal Decimal Classification | Не е повреден | без рестрикции | заемане за дома | 93638 | Регионална библиотека "Любен Каравелов" Русе | Регионална библиотека "Любен Каравелов" Русе | Заемна - подръчен фонд | 1988-01-01 | Заемна - подръчен фонд | 2.00 | 501752 | П 634.1/С 59 | 501752 | 5 | 1.02 | Дост: Pk Вид: Ф N: стар фонд Дата: 01.01.1988 | Книги |
| Изтеглен | Не е изгубен | Universal Decimal Classification | Не е повреден | без рестрикции | заемане за дома | 93639 | Регионална библиотека "Любен Каравелов" Русе | Регионална библиотека "Любен Каравелов" Русе | Заемна - подръчен фонд | 1988-01-01 | Заемна - подръчен фонд | 2.00 | 501753 | П 634.1/С 59 | 501753 | 6 | 1.02 | Дост: Pk Вид: Ф N: стар фонд Дата: 01.01.1988 | Книги |